<?xml version="1.0" encoding="UTF-8"?>
<record
    xmlns:xsi="http://www.w3.org/2001/XMLSchema-instance"
    xsi:schemaLocation="http://www.loc.gov/MARC21/slim http://www.loc.gov/standards/marcxml/schema/MARC21slim.xsd"
    xmlns="http://www.loc.gov/MARC21/slim">

  <leader>03354nam a2200577 i 4500</leader>
  <controlfield tag="001">000035656</controlfield>
  <controlfield tag="003">DO-SdBNP</controlfield>
  <controlfield tag="005">20240614101229.0</controlfield>
  <controlfield tag="007">ta</controlfield>
  <controlfield tag="008">111107s2011    dr            000 0 spa d</controlfield>
  <datafield tag="020" ind1=" " ind2=" ">
    <subfield code="a">9789945873276</subfield>
  </datafield>
  <datafield tag="040" ind1=" " ind2=" ">
    <subfield code="a">DO-SdBNP</subfield>
    <subfield code="b">spa</subfield>
    <subfield code="c">BNPHU</subfield>
    <subfield code="e">rda</subfield>
  </datafield>
  <datafield tag="082" ind1=" " ind2=" ">
    <subfield code="2">22</subfield>
    <subfield code="b">B224P</subfield>
  </datafield>
  <datafield tag="245" ind1="0" ind2="0">
    <subfield code="a">Barahona / Pedernales :</subfield>
    <subfield code="b">ciclo conferencias /</subfield>
    <subfield code="c">pr&#xF3;logo Jos&#xE9; Chez Checo ; textos Yolanda Le&#xF3;n, Bol&#xED;var Troncoso Morales, Wilson G&#xF3;mez Ram&#xED;rez, Leticia Tejeda de Matos, Margarita Vicens de Morales y otros ; fotograf&#xED;as: Jes&#xFA;s Rodr&#xED;guez, Ricardo Briones, Leandro Montes, Ricardo Batista, Luis A. Ram&#xED;rez y otros </subfield>
  </datafield>
  <datafield tag="264" ind1=" " ind2=" ">
    <subfield code="a">Santo Domingo :</subfield>
    <subfield code="b">CCN,</subfield>
    <subfield code="c">2011.</subfield>
  </datafield>
  <datafield tag="300" ind1=" " ind2=" ">
    <subfield code="a">165 p&#xE1;ginas</subfield>
    <subfield code="c">23 cm.</subfield>
  </datafield>
  <datafield tag="336" ind1=" " ind2=" ">
    <subfield code="2">rdacontent</subfield>
    <subfield code="a">texto</subfield>
    <subfield code="b">txt</subfield>
  </datafield>
  <datafield tag="337" ind1=" " ind2=" ">
    <subfield code="2">rdamedia</subfield>
    <subfield code="a">sin mediaci&#xF3;n</subfield>
    <subfield code="b">n</subfield>
  </datafield>
  <datafield tag="338" ind1=" " ind2=" ">
    <subfield code="2">rdacarrier</subfield>
    <subfield code="a">volumen</subfield>
    <subfield code="b">nc</subfield>
  </datafield>
  <datafield tag="490" ind1="1" ind2=" ">
    <subfield code="a">Orgullo de mi tierra</subfield>
  </datafield>
  <datafield tag="505" ind1="0" ind2=" ">
    <subfield code="t">Pr&#xF3;logo /</subfield>
    <subfield code="r">Jos&#xE9; Chez Checo. --</subfield>
    <subfield code="t">Situaci&#xF3;n de las tortugas marinas en la Provincia Pedernales /</subfield>
    <subfield code="r">Yolanda Le&#xF3;n. --</subfield>
    <subfield code="t">Geograf&#xED;a f&#xED;sica, fauna y flora de Barahona y Pedernales /</subfield>
    <subfield code="r">Bol&#xED;var Troncoso Morales. --</subfield>
    <subfield code="t">Aporte barahonero a favor de la libertad del pueblo dominicano /</subfield>
    <subfield code="r">Wilson G&#xF3;mez Ram&#xED;rez. --</subfield>
    <subfield code="t">Arquitectura de Barahona /</subfield>
    <subfield code="r">Leticia Tejeda de Matos. --</subfield>
    <subfield code="t">Mar&#xED;a Montez en la historia del cine mundial /</subfield>
    <subfield code="r">Margarita Vicens de Morales. --</subfield>
    <subfield code="t">Instituciones sociales y religiosas destacadas de Barahona /</subfield>
    <subfield code="r">Julio Vargas. --</subfield>
    <subfield code="t">La historia de los medios de comunicaci&#xF3;n social de Barahona /</subfield>
    <subfield code="r">Oscar L&#xF3;pez Reyes. --</subfield>
    <subfield code="t">Casandra Damir&#xF3;n en la m&#xFA;sica popular dominicana /</subfield>
    <subfield code="r">Rafael Solano. --</subfield>
    <subfield code="t">El padre Fuertes en la historia de la iglesia de Barahona /</subfield>
    <subfield code="r">Jos&#xE9; Luis S&#xE1;ez Ramo. --</subfield>
    <subfield code="t">Nuestro Sur /</subfield>
    <subfield code="r">Jorge Brocca. --</subfield>
    <subfield code="t">Aspectos hist&#xF3;ricos de las Islas Beata y Alto Velo /</subfield>
    <subfield code="r">Bernardo Vega. --</subfield>
    <subfield code="t">La econom&#xED;a de Barahona y Pedernales en el siglo XX /</subfield>
    <subfield code="r">Virgilio Gautreaux.</subfield>
  </datafield>
  <datafield tag="590" ind1=" " ind2=" ">
    <subfield code="a">Inventariado, 2024/ YL</subfield>
  </datafield>
  <datafield tag="650" ind1="2" ind2="4">
    <subfield code="a">Patrimonio cultural dominicano</subfield>
    <subfield code="9">61571</subfield>
  </datafield>
  <datafield tag="650" ind1="2" ind2="4">
    <subfield code="a">Medios de comunicaci&#xF3;n social</subfield>
    <subfield code="z">Barahona (Provincia{Rpara}</subfield>
    <subfield code="9">61572</subfield>
  </datafield>
  <datafield tag="650" ind1=" " ind2="4">
    <subfield code="a">Tortugas marinas</subfield>
    <subfield code="z">Pedernales (Rep&#xFA;blica Dominicana)</subfield>
    <subfield code="9">61573</subfield>
  </datafield>
  <datafield tag="700" ind1="1" ind2=" ">
    <subfield code="a">Chez Checo, Jos&#xE9;</subfield>
    <subfield code="e">pr&#xF3;logo</subfield>
    <subfield code="9">80381</subfield>
  </datafield>
  <datafield tag="700" ind1="1" ind2=" ">
    <subfield code="a">Le&#xF3;n, Yolanda</subfield>
    <subfield code="9">61576</subfield>
    <subfield code="e">textos</subfield>
  </datafield>
  <datafield tag="700" ind1="1" ind2=" ">
    <subfield code="a">Troncoso Morales, Bol&#xED;var</subfield>
    <subfield code="e">textos</subfield>
    <subfield code="9">10922</subfield>
  </datafield>
  <datafield tag="700" ind1="1" ind2=" ">
    <subfield code="a">G&#xF3;mez Ram&#xED;rez, Wilson</subfield>
    <subfield code="e">textos</subfield>
    <subfield code="9">85667</subfield>
  </datafield>
  <datafield tag="700" ind1="1" ind2=" ">
    <subfield code="a">Tejeda de Matos, Leticia</subfield>
    <subfield code="e">textos</subfield>
    <subfield code="9">85668</subfield>
  </datafield>
  <datafield tag="700" ind1="1" ind2=" ">
    <subfield code="a">Vicens de Morales, Margarita</subfield>
    <subfield code="e">textos</subfield>
    <subfield code="9">46556</subfield>
  </datafield>
  <datafield tag="700" ind1="1" ind2=" ">
    <subfield code="a">Vargas, Julio</subfield>
    <subfield code="e">textos</subfield>
    <subfield code="9">85669</subfield>
  </datafield>
  <datafield tag="700" ind1="1" ind2=" ">
    <subfield code="a">L&#xF3;pez Reyes, Oscar</subfield>
    <subfield code="e">textos</subfield>
  </datafield>
  <datafield tag="700" ind1="1" ind2=" ">
    <subfield code="a">Solano, Rafael</subfield>
    <subfield code="e">textos</subfield>
    <subfield code="9">13138</subfield>
  </datafield>
  <datafield tag="700" ind1="1" ind2=" ">
    <subfield code="a">S&#xE1;ez Ramo, Jos&#xE9; Luis</subfield>
    <subfield code="e">textos</subfield>
    <subfield code="9">85670</subfield>
  </datafield>
  <datafield tag="700" ind1="1" ind2=" ">
    <subfield code="a">Brocca, Jorge</subfield>
    <subfield code="e">textos</subfield>
    <subfield code="9">85671</subfield>
  </datafield>
  <datafield tag="700" ind1="1" ind2=" ">
    <subfield code="a">Vega, Bernardo</subfield>
    <subfield code="e">textos</subfield>
    <subfield code="9">85109</subfield>
  </datafield>
  <datafield tag="700" ind1="1" ind2=" ">
    <subfield code="a">Gautreaux, Virgilio</subfield>
    <subfield code="e">textos</subfield>
    <subfield code="9">85672</subfield>
  </datafield>
  <datafield tag="700" ind1="1" ind2=" ">
    <subfield code="a">Rodr&#xED;guez, Jes&#xFA;s,</subfield>
    <subfield code="e">fotograf&#xED;as</subfield>
    <subfield code="9">61577</subfield>
  </datafield>
  <datafield tag="700" ind1="1" ind2=" ">
    <subfield code="a">Briones, Ricardo</subfield>
    <subfield code="e">fotograf&#xED;as</subfield>
    <subfield code="9">29826</subfield>
  </datafield>
  <datafield tag="700" ind1="1" ind2=" ">
    <subfield code="a">Montes, Leandro</subfield>
    <subfield code="e">fotograf&#xED;as</subfield>
    <subfield code="9">85673</subfield>
  </datafield>
  <datafield tag="700" ind1="1" ind2=" ">
    <subfield code="a">Batista, Ricardo</subfield>
    <subfield code="e">fotograf&#xED;as</subfield>
    <subfield code="9">85674</subfield>
  </datafield>
  <datafield tag="700" ind1="1" ind2=" ">
    <subfield code="a">Ram&#xED;rez, Luis A.</subfield>
    <subfield code="e">fotograf&#xED;as</subfield>
    <subfield code="9">85675</subfield>
  </datafield>
  <datafield tag="700" ind1="1" ind2=" ">
    <subfield code="a">Alvarez, Robert</subfield>
    <subfield code="e">fotograf&#xED;as</subfield>
    <subfield code="9">85676</subfield>
  </datafield>
  <datafield tag="700" ind1="1" ind2=" ">
    <subfield code="a">Vilorio, H&#xE9;ctor </subfield>
    <subfield code="e">fotograf&#xED;as</subfield>
    <subfield code="9">85677</subfield>
  </datafield>
  <datafield tag="700" ind1="1" ind2=" ">
    <subfield code="a">&#xC1;lvarez, Jos&#xE9; Alejandro</subfield>
    <subfield code="e">fotograf&#xED;as</subfield>
    <subfield code="9">78811</subfield>
  </datafield>
  <datafield tag="700" ind1="1" ind2=" ">
    <subfield code="a">Batista, Domingo</subfield>
    <subfield code="e">fotograf&#xED;as</subfield>
    <subfield code="9">56792</subfield>
  </datafield>
  <datafield tag="710" ind1="1" ind2=" ">
    <subfield code="a">Centro Cuesta Nacional (CCN)</subfield>
    <subfield code="9">85666</subfield>
  </datafield>
  <datafield tag="910" ind1=" " ind2=" ">
    <subfield code="a">YLockward</subfield>
  </datafield>
  <datafield tag="942" ind1=" " ind2=" ">
    <subfield code="2">ddc</subfield>
    <subfield code="c">LBS1</subfield>
  </datafield>
  <datafield tag="952" ind1=" " ind2=" ">
    <subfield code="0">0</subfield>
    <subfield code="1">0</subfield>
    <subfield code="2">ddc</subfield>
    <subfield code="5">1</subfield>
    <subfield code="7">0</subfield>
    <subfield code="8">PD</subfield>
    <subfield code="a">BNPHU</subfield>
    <subfield code="b">BNPHU</subfield>
    <subfield code="c">CT</subfield>
    <subfield code="d">2011-09-29</subfield>
    <subfield code="e">Deposito Legal</subfield>
    <subfield code="i">LF1</subfield>
    <subfield code="l">0</subfield>
    <subfield code="o"> BNPHU PD</subfield>
    <subfield code="p">35656-10</subfield>
    <subfield code="r">2020-06-25</subfield>
    <subfield code="w">2020-06-25</subfield>
    <subfield code="y">LBS1</subfield>
    <subfield code="Z">No se presta</subfield>
  </datafield>
  <datafield tag="952" ind1=" " ind2=" ">
    <subfield code="0">0</subfield>
    <subfield code="1">0</subfield>
    <subfield code="2">ddc</subfield>
    <subfield code="5">1</subfield>
    <subfield code="7">0</subfield>
    <subfield code="8">PD</subfield>
    <subfield code="a">BNPHU</subfield>
    <subfield code="b">BNPHU</subfield>
    <subfield code="c">CT</subfield>
    <subfield code="d">2011-09-29</subfield>
    <subfield code="e">Deposito Legal</subfield>
    <subfield code="i">LF1</subfield>
    <subfield code="l">0</subfield>
    <subfield code="o"> BNPHU PD</subfield>
    <subfield code="p">35656-20</subfield>
    <subfield code="r">2020-06-25</subfield>
    <subfield code="t">e. 2</subfield>
    <subfield code="w">2020-06-25</subfield>
    <subfield code="y">LBS1</subfield>
    <subfield code="Z">No se presta</subfield>
  </datafield>
  <datafield tag="952" ind1=" " ind2=" ">
    <subfield code="0">0</subfield>
    <subfield code="1">1</subfield>
    <subfield code="2">ddc</subfield>
    <subfield code="5">1</subfield>
    <subfield code="7">0</subfield>
    <subfield code="8">DS</subfield>
    <subfield code="a">BNPHU</subfield>
    <subfield code="b">BNPHU</subfield>
    <subfield code="c">MI</subfield>
    <subfield code="d">2011-09-29</subfield>
    <subfield code="e">Deposito Legal</subfield>
    <subfield code="i">LF1</subfield>
    <subfield code="l">0</subfield>
    <subfield code="o"> BNPHU DS</subfield>
    <subfield code="p">35656-30</subfield>
    <subfield code="r">2020-06-25</subfield>
    <subfield code="t">e.3</subfield>
    <subfield code="w">2020-06-25</subfield>
    <subfield code="y">LBS1</subfield>
    <subfield code="Z">No se presta</subfield>
  </datafield>
  <datafield tag="952" ind1=" " ind2=" ">
    <subfield code="0">0</subfield>
    <subfield code="1">0</subfield>
    <subfield code="2">ddc</subfield>
    <subfield code="5">1</subfield>
    <subfield code="7">0</subfield>
    <subfield code="8">DS</subfield>
    <subfield code="a">BNPHU</subfield>
    <subfield code="b">BNPHU</subfield>
    <subfield code="c">CT</subfield>
    <subfield code="d">2011-09-29</subfield>
    <subfield code="e">Donaci&#xF3;n </subfield>
    <subfield code="i">LF1</subfield>
    <subfield code="l">0</subfield>
    <subfield code="o"> BNPHU DS</subfield>
    <subfield code="p">2024-3489</subfield>
    <subfield code="r">2024-06-14</subfield>
    <subfield code="t">e. 4</subfield>
    <subfield code="w">2024-06-14</subfield>
    <subfield code="y">LBS1</subfield>
    <subfield code="z">Perteneci&#xF3; a la biblioteca personal de Emilio Cordero Michel</subfield>
  </datafield>
  <datafield tag="999" ind1=" " ind2=" ">
    <subfield code="c">35147</subfield>
    <subfield code="d">35147</subfield>
  </datafield>
</record>
